Normal view
MARC view
- PROJECT SUPERVISORS DR. SAJID GUL KHAWAJA DR. ARSLAN SHAUKAT
Entry Personal Name
001 - CONTROL NUMBER
- control field: 71222
003 - CONTROL NUMBER IDENTIFIER
- control field: NUST
005 - DATE AND TIME OF LATEST TRANSACTION
- control field: 20210628204617.0
008 - FIXED-LENGTH DATA ELEMENTS
- fixed length control field: 210628|| aca||aabn | a|a d
040 ## - CATALOGING SOURCE
- Original cataloging agency: NUST
- Transcribing agency: NUST
100 ## - HEADING--PERSONAL NAME
- Personal name: PROJECT SUPERVISORS DR. SAJID GUL KHAWAJA DR. ARSLAN SHAUKAT
670 ## - SOURCE DATA FOUND
- Source citation: Work cat.: (NUST): NC FASSAHAT ALI NC FAIZAN KHALID NC SHEHROZ AHMED 71221, PR-SOF-1745-AGRYN:The Remote Agricultural Monitoring & Controlling System, 2018
